000 nam a22 a 4500
999 _c1576
_d1576
003 AKMAL
005 20170511093800.0
008 170511s1954 my f00 eng d
040 _aAKMAL
082 0 4 _a321 ANA
090 0 0 _a321
_bANA
245 0 0 _aAnatomy of Communist propaganda :
_b1950-1953
260 _aKuala Lumpur :
_bPrinted at the Government Press,
_c1954
300 0 0 _a94p. ;
_c25cm
650 0 _aPropaganda, Communist
_zMalaysia
_93185
650 0 _aCommunism
_zMalaysia
_93186
942 _2ddc
_cBOOK